[Event "Metz op 22nd"]
[Site "Metz"]
[Date "2004.04.??"]
[Round "?"]
[White "Marcelin, Cyril"]
[Black "Gurevich, Mikhail"]
[Result "0-1"]
[WhiteElo "2464"]
[BlackElo "2656"]
[Annotator "Gurevich,M"]
[PlyCount "66"]
[EventDate "2004.04.10"]
[EventType "swiss"]
[EventRounds "9"]
[EventCountry "FRA"]
[SourceTitle "CBM 100"]
[Source "ChessBase"]
[SourceDate "2004.06.01"]
[SourceVersion "1"]
[SourceVersionDate "2004.06.01"]
[SourceQuality "1"]

1. d4 d6 2. g3 g6 3. Bg2 Bg7 4. e4 Nc6 5. Ne2 e5 6. dxe5 (6. d5 Nce7 7. c4 f5
8. Nbc3 Nf6 9. f4 Nxe4 10. Nxe4 fxe4 11. O-O O-O 12. Bxe4 Bh3 13. Rf2 c6 14.
Qb3 cxd5 15. cxd5 Qa5 16. Be3 Nf5 $132 {1/2-1/2 Baburin,A-McNab,C/West
Bromwich ENG 2004/The Week in Chess 481 (59)}) 6... dxe5 7. O-O (7. Qxd8+ Nxd8
{-Malakhov-Azmaiparashvili Istambul 2003}) 7... Bg4 $5 8. f3 Be6 9. Nbc3 {TN} (
9. Be3 Bc4 10. Nd2 Ba6 11. Rf2 Nf6 12. Nb3 b6 13. Nc3 O-O 14. Rd2 Qc8 15. Bf1
Rd8 16. Rxd8+ Nxd8 17. Bxa6 Qxa6 18. Qf1 $14 {1/2-1/2 Godena,M-Zueger,B/
Portoroz 1998/EXT 99 (73)}) 9... Nge7 10. Be3 Nd4 $5 11. Qd2 (11. f4 Bg4 12.
Bxd4 exd4 13. Nb5 c6 14. Nbxd4 Qb6 $36) 11... Qd7 $5 {[н/\12...0-0-0<=>]} 12.
Rad1 O-O-O 13. b3 Nec6 (13... Qc6 $5 {[|^14...Qa6,15...Nec6]}) 14. Na4 $6 (14.
Qc1 Qe7 15. Rd2 h5 $36) 14... Qe7 15. Nxd4 exd4 16. Bg5 (16. Bh6 Bxh6 17. Qxh6
Qa3 $5 18. Qg5 Qxa2 (18... f5) 19. Qc5 d3 $15) 16... f6 17. Bh6 Bxh6 18. Qxh6
g5 $5 19. Bh3 (19. f4 $5 Bg4 (19... gxf4 20. Rxf4 (20. gxf4 Rhg8 $40) 20...
Rhf8 21. Rdf1 Ne5 22. Rxf6 Ng4 $2 23. Qxf8) 20. Bh3 Bxh3 21. Qxh3+ Kb8 $15)
19... Bxh3 20. Qxh3+ Kb8 21. Rf2 (21. Nb2 Nb4 $15) 21... h5 $5 {[н/\22...
g4|^>>]} 22. Qf1 g4 $1 23. fxg4 hxg4 24. Rxf6 Ne5 $40 {[xNa4]} 25. Rf2 Qh7 (
25... Nf3+ 26. Rxf3 gxf3 27. Qxf3 Rdf8 $19) 26. h4 gxh3 $19 27. Nc5 b6 28. Ne6
Rdg8 29. Rxd4 $138 (29. Rf5 Qg6 (29... Rxg3+ 30. Kh1 d3 31. Qf4 (31. Rxe5 h2)
31... dxc2 32. Rc1 Nd3) 30. Qf4) 29... Qg6 30. Rf8+ Rxf8 31. Nxf8 Qxg3+ 32. Kh1
Nf3 33. Nd7+ Ka8 0-1

[Event "Neckar op-A 9th"]
[Site "Deizisau"]
[Date "2005.03.26"]
[Round "5"]
[White "Moser, Eva"]
[Black "Gurevich, Mikhail"]
[Result "0-1"]
[WhiteElo "2438"]
[BlackElo "2634"]
[Annotator "Gurevich,M"]
[PlyCount "106"]
[EventDate "2005.03.24"]
[EventType "swiss"]
[EventRounds "9"]
[EventCountry "GER"]
[SourceTitle "CBM 105 Extra"]
[Source "ChessBase"]
[SourceDate "2005.05.01"]
[SourceVersion "1"]
[SourceVersionDate "2005.05.01"]
[SourceQuality "1"]

1. e4 d6 2. d4 g6 3. Nc3 Bg7 4. Be3 a6 5. h3 b5 6. Bd3 (6. Nf3 Bb7 7. Bd3 Nd7
8. a4 b4 9. Ne2 Ngf6 10. Ng3 O-O 11. O-O c5 12. c3 bxc3 13. bxc3 Qa5 14. Bd2
Qc7 15. Qe2 e5 16. d5 c4 17. Bxc4 Rfc8 18. Bd3 Nc5 19. a5 Rcb8 20. Bc2 Bc8 21.
c4 Rb7 {1/2-1/2 Milov,V-Rogers,I/Suncoast 1999/CBM 068 ext (21)}) 6... Nd7 7.
Nce2 c5 8. c3 Bb7 9. Nf3 Ngf6 10. Ng3 Qc7 {TN} 11. O-O O-O 12. Qd2 Rfe8 13. Bh6
{[/\14.Nf5]} Kh8 $5 {[/\14...Bxh6 15.Qxh6 Ng8]} 14. h4 $6 (14. a4 $5 c4 15. Bc2
e5 16. Rfe1 $14) (14. Ng5 Rf8 15. Bxg7+ Kxg7 16. f4 cxd4 17. cxd4 Qb6 $132) (
14. Be3 $5 {(/\15.a4)}) 14... Bxh6 15. Qxh6 Ng8 16. Qd2 (16. Qe3 e5 17. h5 Kg7
$13) 16... e5 17. h5 exd4 $5 18. cxd4 Qd8 {[/\19...Qf6<=>;xe4]} 19. Rfe1 cxd4
20. Nxd4 Ne5 21. Rac1 (21. a4 $5 bxa4 22. Bc2 Qf6 23. Bxa4 Re7 24. Bb3 $14)
21... Qf6 22. hxg6 fxg6 $5 23. Bf1 (23. Rc7 Re7 $132 24. Rec1 $2 Nc4 $17) 23...
Re7 24. Rc3 $5 {[/\25.Nf3]} h5 $5 {[/\25...h4|^>>]} 25. Nf3 (25. f4 $5 h4 (
25... Ng4 26. Be2 N8h6 27. Nc6 $36) 26. Nh1 Nd7 27. Rc7 Nc5 $132) 25... h4 26.
Nxe5 (26. Nh1 $142) 26... Qxe5 27. Nh1 Nf6 $15 28. f3 (28. Qh6+ Rh7 29. Qxg6
Rg8 30. Qf5 Nxe4 $17) (28. Rh3 g5 29. Bd3 d5 $36) 28... d5 29. Nf2 dxe4 30.
fxe4 Kg7 $17 31. Qc2 Rae8 32. Rc5 Qg3 33. e5 $138 Nd7 $6 (33... Bxg2 $3 34.
Bxg2 (34. exf6+ Kh8 $19) 34... h3 35. exf6+ (35. Nxh3 Qxe1+ 36. Bf1 Ng4) (35.
Nd3 Ng4) 35... Kh8 $19) 34. Rc3 Qf4 35. e6 Nf6 36. Rce3 Bd5 37. Nh3 Qd4 $138 (
37... Qd6 38. Ng5 Ng4 $19) 38. Ng5 Qf4 39. Nh3 Qg4 $1 40. Nf2 Qd4 $17 41. Bd3
Rxe6 42. Rxe6 Rxe6 43. Rxe6 Bxe6 44. Bxg6 Bxa2 45. Bf5 Qe5 46. Bh3 Bf7 {
[/\a6-a5-a4]} 47. Qd2 (47. b4 Qe1+) 47... a5 48. Qxa5 (48. Kh1 a4 49. Nd3 Qd5
50. Qc3 Qc4 $19) 48... Qxb2 49. Qc7 {[/\50.Be6]} Nd5 50. Qc5 b4 51. Ng4 b3 52.
Qc6 Qd2 53. Qd6 Qe1+ (53... Qe1+ 54. Kh2 Qg3+ 55. Qxg3 hxg3+ 56. Kxg3 b2) 0-1

[Event "Viking op"]
[Site "Aaland/Stockholm"]
[Date "1997.08.24"]
[Round "2"]
[White "Hector, Jonny"]
[Black "Gurevich, Mikhail"]
[Result "0-1"]
[WhiteElo "2470"]
[BlackElo "2620"]
[Annotator "Gurevich,M"]
[PlyCount "80"]
[EventDate "1997.08.??"]
[EventType "swiss"]
[EventRounds "9"]
[EventCountry "SWE"]
[SourceTitle "CBM 061"]
[Source "ChessBase"]
[SourceDate "1997.11.23"]
[SourceVersion "1"]
[SourceVersionDate "1997.11.23"]
[SourceQuality "1"]

1. e4 d6 2. d4 g6 3. Nc3 c6 4. f4 d5 5. e5 h5 6. Be3 $5 (6. Nf3 {-65/96}) 6...
Nh6 7. Qd2 Ng4 $5 8. Nd1 Bf5 9. Nf3 Nxe3 $5 (9... e6 10. Bg1 Nd7 (10... Be4 11.
Ng5 $14) 11. h3 Nh6 12. Nf2 $14) 10. Nxe3 e6 11. Be2 Qb6 $6 12. O-O c5 $6 (
12... Qxb2 $2 13. Rfb1 Qa3 14. Rxb7 $16) 13. a4 $1 (13. c3 Nc6 14. Nxf5 gxf5
$13) (13. c4 $2 cxd4 14. Nxd4 (14. Nxf5 d3+ 15. N5d4 dxe2 16. Qxe2 Nc6 17. Rad1
Bc5 $17) 14... Bb4 15. Qd1 Bc5 $19) 13... cxd4 (13... a6 14. a5 Qc7 (14... Qa7
15. Nxf5 gxf5 16. c4 $14 cxd4 17. Kh1 dxc4 18. Nxd4 Bc5 19. Rfd1 Bxd4 20. Qxd4
Qxd4 21. Rxd4 Nc6 22. Rxc4 $40) 15. c4 $5 $36) (13... c4 14. Nxf5 gxf5 15. b3
cxb3 16. c4 $1) 14. Nxd4 Bc5 15. Bb5+ Kf8 (15... Nc6 16. a5 Qc7 17. a6) 16. a5
Qc7 17. Nexf5 $6 (17. b4 $5 Bxd4 18. Qxd4 Na6 (18... Nc6 19. Qc5+ Kg7 20. Nxf5+
gxf5 21. a6 $16) 19. Bxa6 bxa6 20. c4 dxc4 21. Nxc4 Kg7 22. Nd6 Rhd8 23. Rfc1
$16) 17... gxf5 18. b4 $1 Bxd4+ 19. Qxd4 Kg7 $18 (19... Nd7 20. c4 a6 21. Ba4
$1 $16) (19... Nc6 20. Qc5+ Kg7 (20... Qe7 21. a6 $1 Qxc5+ 22. bxc5 Rb8 23.
axb7 Nd4 24. Ba6 $18)) (19... Qxc2 20. Rac1 Qe4 (20... Qb3 21. Rc3 Qa2 22. Qc5+
Kg7 23. Rg3+ $18) 21. Qc5+ Kg7 22. Rce1 $18) (19... a6 20. Ba4 Nc6 21. Qc5+ Kg7
(21... Qe7 22. Bxc6 Qxc5+ 23. bxc5 bxc6 24. Rab1 Kg7 25. Rb6 $16) 22. Ra3 $1
$14 {(/\ 23.Rc3, 23.Rg3)}) 20. Ra3 $5 h4 21. Rc3 Qe7 (21... Nc6 $5 22. Bxc6 (
22. Qc5 a6 23. Bxc6 Qxc6 24. Qxc6 bxc6 25. Rxc6 Rhc8 $132) 22... bxc6 23. b5
Qxa5 24. bxc6 $5 $14) 22. g4 (22. Qc5 Qxc5+ 23. Rxc5 Na6 24. Bxa6 bxa6 25. Rc6
Rhc8 26. Rxa6 Rxc2 $13) (22. Rff3 $5) 22... hxg3 (22... fxg4 $2 23. f5 Qg5 24.
fxe6 fxe6 25. Rf4 $18) 23. Rxg3+ Kf8 24. Rff3 $5 Nc6 25. Bxc6 bxc6 26. Rh3 $1 (
26. Rc3 $5 Rc8 27. h3 (27. Rc5 Qh4 28. Qd2 $16) 27... Rc7 28. Kh2 $16) 26...
Rg8+ 27. Rfg3 Rxg3+ 28. Rxg3 (28. hxg3 Kg7 $13) 28... Rb8 29. c3 c5 $1 30. Qf2
(30. Qxc5 Qxc5+ 31. bxc5 Rc8 32. h4 Rxc5 33. h5 Rxa5 34. h6 Ra1+ 35. Kg2 Ra2+
36. Kh3 Ra1 37. Kh2 (37. Kh4 Rh1+ 38. Kg5 a5 39. Rg2 a4 40. Ra2 Rg1+ 41. Kh5
Rh1+ $11) 37... Ra2+ $11) 30... cxb4 31. Rh3 Qc7 32. Qh4 (32. Rh8+ Kg7 33. Rxb8
Qxb8 34. Qg3+ Kf8 35. Qh4 Qc7 $132) (32. Qh4 {[#]}) 32... bxc3 $1 33. Qh8+ (33.
Qf6 Qc5+ 34. Kg2 Rb2+ 35. Kg3 Qf2#) 33... Ke7 34. Qf6+ Ke8 $1 (34... Kd7 $2 35.
Qxf7+ Kc8 (35... Kc6 36. Rxc3+ $18) 36. Qxe6+ Kb7 (36... Qd7 37. Rxc3+ $18) 37.
a6+ Ka8 38. Qxd5+ $18) 35. Rh8+ (35. Qh8+ Kd7) 35... Kd7 36. Qxf7+ (36. Rxb8
Qxb8 37. Qxf7+ Kc6 38. Qxe6+ Kc5 $17) 36... Kc6 $17 37. Qxe6+ Kc5 38. Rxb8 (38.
Rh3 Rb1+ 39. Kg2 Rb2+ 40. Kg1 Qxa5 $17 41. Qd6+ Kd4 42. Rf3 c2 $1 $19) 38...
Qxb8 39. Qxf5 Qb2 $1 $19 40. Qc8+ Kb4 (40... Kb4 41. Qb7+ (41. Qb8+ Ka4 42.
Qe8+ Ka3 43. Qe7+ Ka2 $19) 41... Ka3 42. Qxd5 c2 43. Qc5+ Ka2 44. Qc4+ Qb3 45.
Qe2 Ka1 $19) 0-1

[Event "Haarlem AKN op 06th"]
[Site "Haarlem"]
[Date "1997.??.??"]
[Round "5"]
[White "Xie, Jun"]
[Black "Gurevich, Mikhail"]
[Result "0-1"]
[WhiteElo "2500"]
[BlackElo "2585"]
[Annotator "Gurevich,M"]
[PlyCount "64"]
[EventDate "1997.06.26"]
[EventType "swiss"]
[EventRounds "6"]
[EventCountry "NED"]
[SourceTitle "CBM 063"]
[Source "ChessBase"]
[SourceDate "1998.03.26"]
[SourceVersion "1"]
[SourceVersionDate "1998.03.26"]
[SourceQuality "1"]

1. e4 d6 2. d4 g6 3. Nc3 Bg7 4. Be3 a6 5. Qd2 b5 6. f3 Nd7 7. h4 h6 $5 {TN} (
7... h5 8. Nh3 Bb7 9. Ng5 Ngf6 10. a4 c6 11. Be2 e5 12. dxe5 dxe5 13. O-O $14 {
1/2 1/2 Armas,J-Nogueiras,J Capablanca-mem(a) Matanzas 1994 (27)}) 8. g4 h5 $1
9. g5 (9. gxh5 Rxh5 10. Nge2 e5 11. Ng3 (11. Bg5 Bf6 12. Bxf6 Ngxf6 13. Ng3 Rh8
$15) 11... Rxh4 12. Bg5 Bh6 $1 $17) 9... e6 10. Nge2 (10. a4 b4 11. Nce2 c5
$132) 10... Ne7 11. Ng3 (11. f4 d5 12. Bg2 Nb6 $132) 11... d5 12. Nce2 Bb7 13.
c3 Qc8 $5 {(/\14...c5)} (13... c5 $1 14. dxc5 Qc7 15. b4 (15. Bg2 Nxc5 16. O-O
Rd8 17. Rad1 O-O $36) 15... Ne5 16. Bg2 (16. Nd4 Nxf3+ 17. Nxf3 Qxg3+ $17)
16... Nc4 17. Qc1 (17. Qd3 Rd8 $5 $36) 17... a5 $36 (17... Nxe3 18. Qxe3 a5 $36
)) 14. Bh3 c5 15. O-O (15. dxc5 Nxc5 16. Bd4 O-O 17. Bxg7 Kxg7 18. Qd4+ Kg8 $15
{(/\19...Qc7<=>)}) 15... Qc6 16. b3 (16. Rac1 $5 Rd8 17. b4 cxb4 (17... c4) 18.
cxb4 Qd6 19. e5 Qb8 $13 {(/\Nd7-b6-c4)}) 16... O-O 17. e5 a5 $1 {(/\18...b4<=>)
} 18. Nf4 b4 19. cxb4 axb4 20. Nfxh5 $6 (20. Rac1 $5 Qa6 21. Nd3 (21. dxc5 Nxe5
$15) 21... cxd4 $5 (21... Qxa2 22. Qxa2 Rxa2 23. Nxc5 Nxc5 24. Rxc5 Rc8 $15)
22. Bxd4 Nc6 23. Nxb4 Nxb4 24. Qxb4 Nxe5 $132) 20... gxh5 21. Nxh5 {(/\22.
Nf6->)} cxd4 22. Bxd4 (22. Nf6+ Bxf6 23. gxf6 dxe3 24. Qxe3 Qc5 $19) 22... Bxe5
$1 $17 23. Bxe5 (23. Rac1 Bxd4+ 24. Qxd4 Qb6 25. Qxb6 Nxb6 26. Rc7 Ba6 $17) (
23. Rfc1 Qd6 (23... Bxd4+ 24. Qxd4 Qb6 25. Qxb6 Nxb6 26. Rc7 $13) 24. f4 Bxd4+
25. Qxd4 e5 $17 26. fxe5 Nxe5 $17 27. Nf6+ Qxf6 28. gxf6 Nf3+ 29. Kf2 Nxd4 30.
fxe7 Rfe8 $19) (23. Nf6+ Nxf6 24. Bxe5 (24. gxf6 Bxd4+ 25. Qxd4 Ng6 26. h5 e5
$17) 24... Nd7 25. Bb2 Qd6 $17) 23... Nxe5 24. Qf4 (24. Qxb4 d4 $1 25. Nf6+ Kh8
26. Qxe7 Nxf3+ $17) 24... Qc3 $1 $19 25. Nf6+ (25. Rac1 Nd3 26. Nf6+ Kg7 27.
Nh5+ Kh8 $19) (25. Qf6 N5g6) 25... Kg7 26. Nh5+ Kg8 27. Nf6+ Kh8 28. g6 (28.
Rac1 N7g6 $1 $19) 28... Ng8 $19 29. Nxg8 (29. g7+ Kxg7 30. Qg5+ Ng6 $19) 29...
Nxg6 30. Qh6+ (30. Qg5 Kxg8 31. h5 Qd4+ 32. Kh1 Qh4) 30... Kxg8 31. h5 Qd4+ 32.
Kg2 Qf4 0-1

[Event "Groningen op"]
[Site "Groningen"]
[Date "1997.??.??"]
[Round "2"]
[White "Skripchenko, Almira"]
[Black "Gurevich, Mikhail"]
[Result "0-1"]
[WhiteElo "2385"]
[BlackElo "2585"]
[Annotator "Gurevich,M"]
[PlyCount "100"]
[EventDate "1997.12.20"]
[EventType "swiss"]
[EventRounds "11"]
[EventCountry "NED"]
[SourceTitle "CBM 063"]
[Source "ChessBase"]
[SourceDate "1998.03.26"]
[SourceVersion "1"]
[SourceVersionDate "1998.03.26"]
[SourceQuality "1"]

1. e4 d6 2. d4 g6 3. Nc3 Bg7 4. Be3 a6 5. Qd2 b5 6. a4 b4 7. Nd1 (7. Nce2 $5
Nf6 (7... a5 8. Ng3 Nd7 9. Nf3 Nb6 10. Bb5+ Bd7 11. Bxd7+ Qxd7 12. b3 h5 13. h3
$14 {1-0 Kaminski,M-Ehlvest,J/Polanica Zdroj 1997 (73)}) 8. Ng3 Ng4 {TN} 9.
Qxb4 c5 10. Qd2 Nxe3 11. fxe3 Nc6 12. Nf3 Qb6 13. c3 Rb8 14. Rb1 $14 {1-0 Vehi
Bach,V-Gurevich,M/Groningen op 1997 (60)}) 7... a5 8. c3 Nf6 9. f3 bxc3 10.
bxc3 O-O 11. Bh6 e5 $5 {TN} (11... Bxh6 12. Qxh6 c5 13. Bb5 cxd4 14. cxd4 e5
15. dxe5 dxe5 16. Ne2 $14 {- Rivas Pastor,M-Azmaiparashvili,Z/Las Palmas (7)
1993 (38)}) 12. h4 Re8 (12... Bxh6 13. Qxh6 exd4 14. cxd4 Nc6 15. d5 Nb4 16.
Ne3 $13) 13. d5 c6 14. dxc6 (14. c4 Na6 15. Bxg7 Kxg7 16. h5 (16. dxc6 Nb4)
16... Nxh5 17. g4 Nf4 $13) 14... Nxc6 15. Bxg7 Kxg7 16. Bb5 Qc7 17. h5 Be6 {
With idea 18...d5} 18. Ne3 (18. hxg6 fxg6 19. g4 Red8 $13) 18... Red8 (18...
Rad8 19. Nd5 Bxd5 20. exd5 Ne7 21. Bxe8 Rxe8 $44) 19. hxg6 fxg6 20. Ne2 (20.
Nd5 Bxd5 21. exd5 Ne7 22. c4 Nf5) 20... Ne7 (20... d5 $2 21. exd5 Bxd5 22. Nxd5
Rxd5 23. Qh6+ Kh8 (23... Kg8 24. Bc4 $18) 24. Qxg6 $18) 21. c4 h5 $1 22. Rd1 (
22. Nd5 Nexd5 23. cxd5 Bd7 24. Rc1 Qa7 $13) 22... Qc5 23. Ng3 Kf7 24. Rf1 $6 (
24. Nd5 Nexd5 25. cxd5 Bd7 26. Rc1 Qa7 27. Qf2 $13) 24... h4 $1 25. Ne2 g5 $15
{With idea Nf6-h5-f4} 26. Rc1 Qa7 (26... Nh5 $5 27. Nd5 Nf4) 27. Nc3 Nh5 28.
Ned5 Nf4 29. Nxf4 exf4 {With idea Ne7-g6-e5} 30. Nd5 Ng6 31. Ke2 Rac8 32. Rfd1
Ne5 33. Rc3 Rh8 34. Rh1 Rc5 35. Qd4 Kg6 36. Rg1 Rhc8 37. Rgc1 Qf7 38. Nb6 Rd8
39. Nd5 Rh8 40. Rh1 h3 $6 (40... Qf8 $1 $15 {With idea 41...h3}) 41. gxh3 Qf8
$1 (41... Rxh3 $2 42. Rxh3 Bxh3 43. Nxf4+ $1 Qxf4 44. Qxd6+ $18) 42. Rcc1 (42.
h4 $5 Bxd5 (42... Rxh4 43. Rxh4 gxh4 44. Nxf4+ Qxf4 45. Qxd6 Qh2+ 46. Kf1 $1
$13) 43. cxd5 Rxc3 44. Qxc3 Rxh4 45. Rxh4 gxh4 46. Qxa5 h3 47. Qe1 h2 $15)
42... Rxh3 $17 43. Rxh3 Bxh3 44. Rg1 Be6 45. Qd2 Bxd5 46. cxd5 Kf6 $1 47. Rc1
Qh8 $1 48. Rxc5 Qh2+ 49. Kd1 Qxd2+ 50. Kxd2 Nxf3+ (50... Nxf3+ 51. Ke2 Nd4+ 52.
Kd3 dxc5 53. Kc4 g4 54. Kxc5 g3 55. Bf1 f3 $19) 0-1

[Event "Pardubice op-A"]
[Site "Pardubice"]
[Date "2005.07.23"]
[Round "2"]
[White "Potkin, Vladimir"]
[Black "Skytte, Rasmus"]
[Result "1/2-1/2"]
[WhiteElo "2534"]
[BlackElo "2399"]
[Annotator "Gutman,L"]
[PlyCount "49"]
[EventDate "2005.07.22"]
[EventType "swiss"]
[EventRounds "9"]
[EventCountry "CZE"]
[SourceTitle "CBM 107 Extra"]
[Source "ChessBase"]
[SourceDate "2005.09.01"]
[SourceVersion "1"]
[SourceVersionDate "2005.09.01"]
[SourceQuality "1"]

1. e4 g6 2. d4 Bg7 3. Nf3 Nf6 $5 4. e5 (4. Nc3 $5 d5 5. e5 {gefällt mir besser,
} Ne4 6. Nxe4 dxe4 7. Ng5 c5 8. Bc4 O-O 9. c3 cxd4 10. cxd4 Nc6 11. Be3 $14)
4... Ne4 5. c4 d5 6. cxd5 (6. Bd3 c6 $5 (6... Nc6 7. O-O Bf5 8. Re1) 7. O-O O-O
$13) 6... Qxd5 7. Bd3 Qa5+ 8. Kf1 $5 (8. Nc3 Nxc3 9. Qd2 c5 10. Qxc3 Qxc3+ 11.
bxc3 Nc6 $13) (8. Nbd2 Nxd2 9. Bxd2 Qb6 $13) 8... f5 9. Nbd2 c5 $5 ({Auf der
Suche nach der Initiative.} 9... Nxd2+ 10. Bxd2 Qb6 11. Bc4 Be6 12. Qb3 {
bietet Weiß mehr vom Spiel}) 10. Nxe4 fxe4 11. Bxe4 cxd4 12. h4 (12. Qxd4 Nc6
13. Bxc6+ bxc6 14. Bd2 Qb5+ 15. Kg1 O-O {überlässt Schwarz das Läuferpaar und
genügend Gegenspiel.}) 12... Nc6 13. Qb3 Qb6 14. Qxb6 axb6 15. h5 Nxe5 16. Nxe5
Bxe5 17. hxg6 hxg6 18. Bxg6+ Kd8 19. Rxh8+ Bxh8 20. Ke2 Be6 21. a3 Bd5 22. f3
Kd7 23. Bd3 Rg8 24. Kf2 Be5 25. Bd2 1/2-1/2

[Event "Bayern-chI Bank Hofmann 20th"]
[Site "Bad Wiessee"]
[Date "2016.11.04"]
[Round "7"]
[White "Areshchenko, Alexander"]
[Black "Graf, Alexander"]
[Result "1-0"]
[WhiteElo "2675"]
[BlackElo "2564"]
[Annotator "Gutman,L"]
[PlyCount "57"]
[EventDate "2016.10.29"]
[EventType "swiss"]
[EventRounds "9"]
[EventCountry "GER"]
[SourceTitle "CBM 176"]
[Source "ChessBase"]
[SourceDate "2017.01.17"]
[SourceVersion "1"]
[SourceVersionDate "2017.01.17"]
[SourceQuality "1"]

1. e4 g6 2. d4 Bg7 3. Nc3 d6 4. Be3 a6 {Der Klassiker Alexander Graf greift in
der entscheidender Partie des Turniers zur Königsfianchetto.} 5. h4 ({
Interessant ist} 5. Qf3 $5 Nc6 6. O-O-O e5 (6... Nf6 7. e5 Nd7 8. h4 dxe5 9.
dxe5 Ncxe5 10. Qg3 h5 11. Bd4 O-O 12. Nf3 $14) 7. dxe5 Nxe5 8. Qg3 Nc6 (8...
Ne7 $5) 9. Bg5 Qxg5+ 10. Qxg5 Bh6 11. h4 $14 {Zvjaginsev-Halvax, Novi Sad
Olympiade 2016}) 5... h6 ({Heute ist} 5... Nf6 6. f3 b5 7. Qd2 h5 8. O-O-O {
modern, doch nach} c6 ({oder} 8... Nc6 9. Nh3 Bxh3 10. Rxh3 e5 11. d5 Ne7 12.
Rh1 Qb8 13. Be2 Qb7 14. Kb1 Rd8 15. a3 c6 16. dxc6 Qxc6 {Atoufi-Dreev, Las
Vegas 2016,} 17. Bg5 $16) 9. Kb1 Qc7 10. e5 Nd5 11. exd6 Qxd6 12. Ne4 $14 {
gefällt die weiße Stellung etwas besser, Morozevich-Hillarp-Persson, St
Petersburg Rapid 2016}) 6. Qd2 Nd7 ({Vielleicht es ist sinnvoll, mit sofortigem
} 6... b5 {abzuwarten,} 7. O-O-O Nf6 8. f3 c6 9. Kb1 h5 10. Nge2 Qc7 11. e5
dxe5 12. dxe5 Nd5 13. Bd4 ({Ernsthaft in Betracht kommt} 13. Nxd5 $5 cxd5 14.
f4 Bf5 (14... Bb7 15. Nd4) 15. Nd4 Bg4 16. Be2 Bxe2 17. Qxe2 e6 18. g4 Nc6 19.
Nxc6 Qxc6 20. f5 Qc4 21. Qf2 $14) 13... Bxe5 ({aber nicht} 13... Bf5 $2 14. e6
$1 $16 {Vachier Lagrave-Ivanisevic, Reykjavik 2015}) 14. Nxd5 cxd5 15. Bxe5
Qxe5 16. Nf4 Bb7 (16... d4 17. Bd3 Bb7 18. Rhe1 Qc5 {Gormally} 19. c3 dxc3 20.
bxc3 $18) 17. Bd3 Nc6 18. Bxg6 fxg6 19. Nxg6 Qf6 20. Nxh8 d4 21. Qg5 Qxh8 22.
Rhe1 O-O-O 23. Re6 $14) 7. O-O-O b5 8. f3 e6 $5 {Eine relativ neue Idee,
anstatt den Springer wie üblich auf f6 zu bringen.} (8... Ngf6 9. Kb1 $5 (9. e5
b4 $11) (9. g4 Nb6 10. b3 c6 11. Bh3 a5 $11 {Ivanov A-Seirawan, USA ch 1989})
9... Nb6 10. Bd3 c6 11. e5 (11. Nh3 Nc4 12. Bxc4 bxc4 13. Qe2 d5 14. e5 Nh7 15.
Na4 Nf8 $11) 11... Nfd5 12. Nxd5 Nxd5 13. Ne2 Nxe3 14. Qxe3 Qc7 15. e6 Bxe6 16.
Bxg6 $14) 9. g4 (9. Kb1 Nb6 10. Bd3 Ne7 11. Nh3 Bb7 (11... Nc6 12. Ne2 Nc4 13.
Bxc4 bxc4 14. h5 g5 15. f4 gxf4 16. Nhxf4 Rb8 17. Ka1 $14) 12. Nf4 Qd7 $11)
9... Ne7 (9... Nb6 10. a3 Ne7 {gestattet Weiss} 11. h5 $5 (11. Bd3 Nc6 $11)
11... g5 12. f4 gxf4 13. Bxf4 Bb7 14. Nf3 Qd7 15. Kb1 O-O-O 16. Be2 $14 {
mit etwas Plus}) 10. Kb1 Bb7 $5 (10... Nb6 11. a3 Bb7 12. h5 $5 (12. Nh3 Qd7
13. h5 (13. Nf4 O-O-O) 13... g5 14. f4 gxf4 15. Nxf4 O-O-O 16. Qf2 Kb8 $11)
12... g5 13. f4 gxf4 14. Bxf4 Qd7 15. Nf3 $14 {see 9...Sb6}) 11. Qh2 $5 {
Weiß verliert die Geduld um Nuancen zu kämpfen. Alternativen sind} (11. Nh3 Nb6
12. Nf4 (12. a3 Qd7 {see 10...Sb6}) 12... b4 13. Nce2 Nc4 14. Qd3 Nxe3 15. Qxe3
a5 $11 {Nguen-Phung, VIE ch Hue 2005}) (11. Nce2 Nb6 12. Ng3 Qd7 (12... Nc4 13.
Bxc4 bxc4 14. Qb4 $14 {Immonen-Smeds, Hesinki 2009}) 13. Nh3 Nc4 14. Bxc4 bxc4
15. Ne2 O-O-O $11) 11... b4 12. Nce2 Nb6 13. Ng3 d5 ({Zu interessanten
Komplikationen führte} 13... c5 $5 14. f4 (14. dxc5 Na4 15. cxd6 (15. Rxd6 Qc7
16. Bd4 Bxd4 17. Rxd4 Qxc5) 15... Nxb2 16. d7+ Kf8 17. Rd6 Na4 $15) 14... cxd4
15. Bxd4 Bxd4 16. Rxd4 Nc6 17. Rd1 Na4 18. N1e2 Qf6 19. e5 Nxe5 20. fxe5 Qxe5
21. Nd4 Bxh1 22. Qxh1 d5 23. Qg1 O-O $11) 14. e5 Nc4 15. Qf2 c5 16. f4 $6 ({
Der Weiße verpasst} 16. Bxc4 dxc4 17. Ne4 Bxe4 18. fxe4 cxd4 19. Rxd4 Qc7 20.
Nf3 Rc8 21. Rhd1 O-O 22. Rd7 Rfd8 23. R7d6 b3 24. Bb6 Rxd6 25. exd6 bxa2+ 26.
Ka1 Qd7 27. c3 Nc6 28. Qe2 Ne5 29. Nxe5 Bxe5 30. Bc7 a5 31. Bxa5 Rc6 32. Bb4
$14 {mit besseren Aussichten.}) 16... Nxe3 17. Qxe3 cxd4 18. Qxd4 Nc6 19. Qd2
Qe7 ({Schwarz plant f7-f6, doch sinnvoller erscheint} 19... Qb6 $5 20. Nf3 a5
$11) 20. Nf3 f6 21. Bd3 O-O-O 22. Qe2 ({Stärker war} 22. Rde1 $5 fxe5 23. Nxe5
Bxe5 24. fxe5 Rdg8 25. Ne2 g5 26. hxg5 hxg5 27. Rh5 $14) 22... g5 $2 ({Danach
bricht die schwarze Stellung zusammen. Zum Ausgleich reichte} 22... fxe5 $5 23.
Nxe5 (23. fxe5 Rhf8 24. Bxa6 Rf4) 23... Bxe5 24. fxe5 Kc7 $5 (24... Rhf8 25.
Bxg6 Qg7 26. Bd3 Qxe5 27. Qg2 $14) 25. Bxg6 Qg7 26. Bd3 Rhg8 27. Qh2 Qxe5 $11)
23. Nh5 fxe5 24. fxe5 a5 25. hxg5 hxg5 26. Ba6 Bxa6 27. Qxa6+ Kc7 28. Nd4 Nxd4
29. Qa7+ 1-0